Economics : theory in action / (Record no. 9037)
[ view plain ]
| 000 -LEADER | |
|---|---|
| fixed length control field | 00963nac a22002651u 4500 |
| 010 ## - LIBRARY OF CONGRESS CONTROL NUMBER | |
| LC control number | 010335803 |
| 020 ## - INTERNATIONAL STANDARD BOOK NUMBER | |
| International Standard Book Number | 0273679848 (pbk) |
| 082 ## - DEWEY DECIMAL CLASSIFICATION NUMBER | |
| Classification number | 330 |
| Item number | HEA |
| 090 ## - LOCALLY ASSIGNED LC-TYPE CALL NUMBER (OCLC); LOCAL CALL NUMBER (OCLC) | |
| -- | 9037 |
| -- | 9037 |
| 100 ## - MAIN ENTRY--PERSONAL NAME | |
| Personal name | Heather, Ken. |
| 245 ## - TITLE STATEMENT | |
| Title | Economics : theory in action / |
| Statement of responsibility, etc | Ken Heather. |
| 250 ## - EDITION STATEMENT | |
| Edition statement | 4th ed. |
| 260 ## - PUBLICATION, DISTRIBUTION, ETC. (IMPRINT) | |
| Place of publication, distribution, etc | Harlow : |
| Name of publisher, distributor, etc | Financial Times Prentice Hall, C.2004. |
| Date of publication, distribution, etc | C.2004. |
| 300 ## - PHYSICAL DESCRIPTION | |
| Extent | xxiv, 516 p. : |
| Other physical details | ill. ; |
| Dimensions | 25 cm. |
| 500 ## - GENERAL NOTE | |
| General note | Previous ed.: published as Understanding economics. 2000. |
| 500 ## - GENERAL NOTE | |
| General note | Formerly CIP. Uk |
| 500 ## - GENERAL NOTE | |
| General note | Distributer: Baccah. |
| 504 ## - BIBLIOGRAPHY, ETC. NOTE | |
| Bibliography, etc | Includes bibliographical references and index. |
| 511 ## - PARTICIPANT OR PERFORMER NOTE | |
| Participant or performer note | Catalogued By: Mahitab. |
| 650 ## - SUBJECT ADDED ENTRY--TOPICAL TERM | |
| Topical term or geographic name as entry element | Economics. |
| 650 ## - SUBJECT ADDED ENTRY--TOPICAL TERM | |
| Topical term or geographic name as entry element | Economics -- Problems, exercises, etc. |
| 700 ## - ADDED ENTRY--PERSONAL NAME | |
| Personal name | Heather, Ken. Understanding economics. |
| 942 ## - ADDED ENTRY ELEMENTS (KOHA) | |
| Item type | Book - Borrowing |
| Call number prefix | 330HEA |
| Withdrawn status | Item status | Damaged status | Not for loan | Home library | Current library | Shelving location | Date acquired | Source of acquisition | Total Checkouts | Total Renewals | Full call number | Barcode | Date last seen | Date last borrowed | Koha item type |
|---|---|---|---|---|---|---|---|---|---|---|---|---|---|---|---|
| Central Library | Central Library | First floor | 20/04/2008 | Purchase | 3 | 24 | 330HEA | 000010866 | 15/07/2025 | 19/02/2020 | Book - Borrowing |